000 01024nam a22002537a 4500
005 20240530110527.0
008 150602s2012 ua g b 000 0 ara d
017 _a19108
_bمصر . دار الكتب المصرية
020 _a9789773582598
040 _aEG-CaGPL
082 0 4 _221
_a302.23\
_bب ب
100 1 _aبريس ، اندريا
245 1 2 _aالبيئة الاعلامية الجديدة /
_cتاليف اندريا بريس ، بروس ويليامز ؛ ترجمة شويكار زكى .
250 _aط1.
260 _aالقاهرة :
_bدار الفجر للنشر و التوزيع ،
_c2012 .
300 _a266 ص ؛
_c24 سم .
504 _aيشتمل على ارجاعات ببليوجرافية
650 0 4 _aوسائل الاعلام .
650 0 4 _aالثقافة الجماهيرية .
650 0 4 _aوسائل الاعلام
_xالجوانب الاجتماعية .
700 0 _aشويكار زكى
_eمترجم
942 _2ddc
_cBK
999 _c62008
_d62008